000 00200nam a22000857a 4500
008 161219b xxu||||| |||| 00| 0 eng d
100 _92135
_aTychna P
245 _aLittle Evan
260 _aDnipro
_bKiev
_c1981
999 _c5015
_d5015